000 004250000a22001210004500
090 _aAS
_bSeriadas
245 1 0 _aProducción primaria en el ecosistema Cienaga Grande de Santa Marta, Laguna costera del Caribe colombiano
041 0 _aEspañol
700 1 _aMarquez C., Germán E.
_99055
100 1 _aHernández J., Carlos A.
_9100314
942 _cARTICULO
773 1 _tTrianea
_kActa Científica y Tecnológica
_h4
_q385-407
_d1991
999 _c16121
_d16121